|
|
|
|
| LEADER |
00000nab a2200000 a 4500 |
| 001 |
vtls011123094 |
| 003 |
SK-MaSNL |
| 005 |
20260303151213.0 |
| 008 |
230222|2011 xo |||||||||||||||||slo| |
| 015 |
|
|
|a SNBRB
|
| 035 |
|
|
|a (uuid)e8bb0174-6d60-4b85-ab4f-5564d4c52336
|
| 035 |
|
|
|a (urnnbn)urn:nbn:sk:snk:ar-a090jw
|
| 035 |
|
|
|a urn:nbn:sk:snk-ab9vd6
|
| 040 |
|
|
|a SNKBUCL
|b slo
|c SNKBUCL
|e AACR2
|
| 041 |
0 |
|
|a slo
|
| 044 |
|
|
|a xo
|c SK
|
| 100 |
1 |
|
|a Martančík, Branislav
|4 aut
|9 793143
|
| 245 |
1 |
0 |
|a Overenie citlivosti ultrazvukových techník s prežarovacou metódou na vzorkách s hrúbkou 25 mm
|c Branislav Martančík, Gabriela Martančíková, Koloman Ulrich
|
| 246 |
3 |
|
|a Verification of sensitivity at ultrasonic test techniques compared with radiography method on the test specimens 25 mm in thickness
|
| 700 |
1 |
|
|a Martančíková, Gabriela
|4 aut
|9 793142
|
| 700 |
1 |
|
|a Ulrich, Koloman,
|d 1946-
|4 aut
|9 218961
|
| 773 |
0 |
|
|t Zvárač : aktuality zo sveta zvárania, spájkovania a deliacich technológií
|g Roč. 8, č. 2 (2011), s. 18-21
|
| 954 |
|
|
|a odborná, vedecká literatúra pôvodná (slovenská)
|2 lita
|
| 958 |
|
|
|a OND
|
| 958 |
|
|
|a EUIPO
|
| 958 |
|
|
|a article13
|
| 999 |
|
|
|c 2016606
|d 2018536
|